00466nam a22001457a 450000500170000000800410001702000180005805000170007610000230009324500860011625000120020226000430021430000410025770000220029820250223210611.0250223b |||||||| |||| 00| 0 eng d a9780853696902 aRM262b.G695 aGreene, Russell J. aPathology and Therapeutics for Pharmacists/cRussell J. Greene & Norman D. Harris a3rd ed. aLondonbPhP Pharmaceutical Pressc2008 axxvi. 982p.bill. some colorc24.5cm aHarris, Norman D.